| 000 | 00953nam a2200277 a 4500 | ||
|---|---|---|---|
| 001 | 37154 | ||
| 003 | BD-RjUL | ||
| 005 | 20211209052601.0 | ||
| 008 | 141020m19681976enkab b 000 0 eng | ||
| 020 | _a0852271026 | ||
| 035 | _a(BD-RjUL)37256 | ||
| 040 |
_aDUP:J _beng _cDUP:J _dDUP:J _dBD-RjUL |
||
| 041 | _aeng | ||
| 082 | 0 | 4 |
_a595.728 _221 _bCOC 1976 |
| 100 | 1 |
_aCornwell, P. B. _9113617 |
|
| 245 | 1 | 4 |
_aThe cockroach / _c[by] P. B. Cornwell. _nVolume II, _pInsecticides abd Cockroach control. |
| 260 |
_aLondon : _bHutchinson, _c1968.[printing1976 ]. |
||
| 300 |
_a557 p.: _bill., maps ; _c24 cm. |
||
| 500 | _aVol. 2 issued by Associated Business Programmes, London. | ||
| 504 | _aBibliography: v. 1, p. 349-366. | ||
| 505 | 0 | _av. 1. A laboratory insect and an industrial pest.-- v. 2. Insecticides and cockroach control. | |
| 650 | 0 |
_aCockroaches. _9113619 |
|
| 942 |
_2ddc _cBK |
||
| 999 |
_c37154 _d37154 |
||